000 00613nam a2200229Ia 4500
003 OSt
005 20220923230650.0
006 a|||||r|||| 00| 0
007 ta
008 Pun
024 _a304,576
037 _cTextual
040 _aARTS
_cARTS
_bPun
041 _2Pun
_aPun
082 _aY15w1, 153P1
100 _aਗਿੱਲ, ਐਮ. ਐਮ.
_9159218
245 0 _aਸੰਸਾਰ ਦੀਆਂ ਮਹਾਨ ਇਸਤਰੀਆਂ
260 _c2001
650 _aਸਮਾਜ Fਾਸਤਰ
942 _hY15w1, 153P1
_cTEXL
_2CC
999 _c386386
_d386386